000 00283nam a2200121Ia 4500
008 230303s9999 xx 000 0 und d
041 _aeng
082 _a004 WAR
100 _aWARFORD (J. Stanley)
245 _aComputer Systems
260 _aBoston
_bJones & Barnett
365 _cRS
999 _c180762
_d180762